000 00521nam a22001457a 4500
999 _c108515
_d108515
005 20181023111651.0
008 181023b ||||| |||| 00| 0 eng d
040 _cPK-LaUMT
082 _a158
_bTRE-F
100 _aTressy, Brain = ٹریسی، برائن
245 _aFatah = فتح :
_bکامیاب زندگی کے لیے جنگی حکمت عملی اپنائیں /
_cBrain Tressy; translated by Malik Ashfaq = ملک اشفاق مترجم
260 _aLahore :
_bBook Home,
_c2018
300 _a208 p.
942 _cBK